000 00708nam a2200217Ia 4500
001 15857
003 GE_BSU
008 181216s||||||||xx |||||||||||||| ||und||
040 _cGE_BSU
100 _aჭილაძე, თამაზ
245 _aაჰა, მიიწურა ზამთარი
245 _bრომანი
245 _cრედ.ქ.თავაძე, მხატვ.თ.სამსონაძე
260 _aთბილისი
260 _bსაბჭ. საქართველო
260 _c1967
300 _a335გვ. ; 16სმ.
653 _aაჰა, მიიწურა ზამთარი
653 _aრომანი
942 _cBK
999 _c48954
_d48954